ARRUPE JESUIT UNIVERSITY

CORONAVIRUS -STOP THE SPREAD - CLEAN,DISINFECT,COVER

Churchill : (Record no. 127112)

MARC details
000 -LEADER
fixed length control field 01185cam a2200265 a 4500
001 - CONTROL NUMBER
control field 12489135
003 - CONTROL NUMBER IDENTIFIER
control field ARRUPE
005 - DATE AND TIME OF LATEST TRANSACTION
control field 20171013122226.0
008 - FIXED-LENGTH DATA ELEMENTS--GENERAL INFORMATION
fixed length control field 010731s2001 enkaf b 001 0beng
010 ## - LIBRARY OF CONGRESS CONTROL NUMBER
LC control number 2001039620
020 ## - INTERNATIONAL STANDARD BOOK NUMBER
International Standard Book Number 1852852534 (cloth : alk. paper)
040 ## - CATALOGING SOURCE
Original cataloging agency DLC
Transcribing agency DLC
Modifying agency DLC
043 ## - GEOGRAPHIC AREA CODE
Geographic area code e-uk---
050 00 - LIBRARY OF CONGRESS CALL NUMBER
Classification number DA566.9.C5
Item number B48 2001
082 00 - DEWEY DECIMAL CLASSIFICATION NUMBER
Classification number 941.084/092
-- B
Edition number 21
300 ## - PHYSICAL DESCRIPTION
Other physical details ill. ;
Dimensions 25 cm.
100 1# - MAIN ENTRY--PERSONAL NAME
Personal name Best, Geoffrey,
Dates associated with a name 1928-
9 (RLIN) 37073
245 10 - TITLE STATEMENT
Title Churchill :
Remainder of title a study in greatness /
Statement of responsibility, etc Geoffrey Best.
260 ## - PUBLICATION, DISTRIBUTION, ETC. (IMPRINT)
Place of publication, distribution, etc London ;
-- New York :
Name of publisher, distributor, etc Hambledon and London,
Date of publication, distribution, etc 2001.
300 ## - PHYSICAL DESCRIPTION
Extent xii, 370 p., [16] p. of plates :
504 ## - BIBLIOGRAPHY, ETC. NOTE
Bibliography, etc Includes bibliographical references (p. [351]-359) and index.
600 10 - SUBJECT ADDED ENTRY--PERSONAL NAME
Personal name Churchill, Winston,
Dates associated with a name 1874-1965.
9 (RLIN) 37074
650 #0 - SUBJECT ADDED ENTRY--TOPICAL TERM
Topical term or geographic name as entry element Prime ministers
Geographic subdivision Great Britain
Form subdivision Biography.
9 (RLIN) 37075
651 #0 - SUBJECT ADDED ENTRY--GEOGRAPHIC NAME
Geographic name Great Britain
General subdivision Politics and government
Chronological subdivision 20th century.
9 (RLIN) 37076
906 ## - LOCAL DATA ELEMENT F, LDF (RLIN)
a 7
b cbc
c orignew
d 1
e ocip
f 20
g y-gencatlg
942 ## - ADDED ENTRY ELEMENTS (KOHA)
Source of classification or shelving scheme Library of Congress Classification
Koha item type Monograph ( Printed materials)
Holdings
Withdrawn status Lost status Source of classification or shelving scheme Damaged status Not for loan Collection code Home library Current library Shelving location Date acquired Total Checkouts Full call number Barcode Date last seen Price effective from Koha item type
    Library of Congress Classification     Main Collection ARRUPE LIBRARY ARRUPE LIBRARY Main Collection 13/10/2017   DA566.9.C6 B48 2001 46500026020 27/10/2017 13/10/2017 Monograph ( Printed materials)

 

Arrupe Library. PO Box MP320 Mt Pleasant, Harare, Zimbabwe
263 242 745411|librarian@aju.ac.zw